header

Red Pizza For a Blue Count. (Record no. 263375)

MARC details
000 -LEADER
fixed length control field 00284nam a22001217a 4500
020 ## - INTERNATIONAL STANDARD BOOK NUMBER
ISBN 9780439559690
ISBN 0439559693
100 ## - MAIN ENTRY--AUTHOR NAME
Personal name Geronimo Stilton
245 ## - TITLE STATEMENT
Title Red Pizza For a Blue Count.
260 ## - PUBLICATION, DISTRIBUTION, ETC. (IMPRINT)
Place of publication NewYork
Name of publisher Scholastic Inc
Year of publication 2004
300 ## - PHYSICAL DESCRIPTION
Number of Pages 114pgs
Other physical details ill
942 ## - ADDED ENTRY ELEMENTS (KOHA)
Koha item type Long Loan Books
Holdings
Withdrawn status Lost status Collection code Home library Current library Shelving location Date acquired Accession Number Koha item type
    Fiction Rongo University Library Rongo University Library Children's Area 14/03/2024 CL20233233 Long Loan Books

© 2026 Rongo University
Contact us: librarian | system librarian | Rongo university